MDQL
is popping MORE tags! Check the
thread
!
Quizzes
Events
Quiz Creation
Community
Videos
Private Events
Remove Ads
Sign In
Join for FREE
Feedback
Dark Mode
Quiz Categories
Sports
Geography
Music
Movies
Television
Just For Fun
Miscellaneous
History
Literature
Language
Science
Gaming
Entertainment
Religion
Holiday
For Kids
Quiz Lab
Recent
Popular Today
Quiz Kudos Today
Editor Picks
Curator Picks
Quizzes by...
Day
Popularity
Type
Ratings
Length
Year
Community
Subscriptions
Recent Discussions
Orange Saloon
Badges
Playlists
Quests
Create
Leaderboards
Showdown
Live 5
Trivia Bingo
Activity
Puzzle Library
Sporcle Events
Private Events
Virtual Trivia
Globe League
Become a Host
Pub Owners
SporcleCon
Opinionation
Our Games
Videos
Blog
Mobile Apps
Partnerships
Remove Ads and Go Orange
Feedback
Entertainment
Celebrity
Famous
Musical
Broadway
Show
Quote
Comic Books
Anime
Superhero
DC Comics
Marvel
Cartoons
Animation
Entertainment
Celebrity
Famous
Musical
Broadway
Show
Quote
Comic Books
Anime
Superhero
DC Comics
Marvel
Cartoons
Animation
Random Quiz
Search Sporcle
×
Quiz Lab
Quiz Lab
Entertainment
Youtubers
Select answers by clicking on text or image buttons
Select answers by clicking on text or image buttons
Clickable
Best Score? Go Orange.
Can you match the youtubers? Stats
Can you pick the Can you match the youtubers??
By
tizisnotalion
10m
65 Questions
2,480 Plays
2,480 Plays
2,480 Plays
Comments
Comments
Give Quiz Kudos
Give Quiz Kudos
-
- Ratings
hide this ad
Forced Order
Answers have to be entered in order
Answers have to be entered in order
Replay
Link that replays current quiz
Next Quiz
Link to next quiz in quiz playlist
You Got
0%
They Got
Avg Score
48%
Avg Friend Score
Upgrade to see
Score Distribution
Jump to the score distribution portion of the page
Score
0/65
Timer
10:00
0
Plays Today
% Correct
tyleroakley
82.4%
Zoella
81.2%
Amazingphil
81.1%
Danisnotonfire
80.6%
PewDiePie
78.5%
MarcusButlerTV
77.5%
dailygrace & itsGrace
76.7%
ThatcherJoe
76.4%
GloZell Green
75.7%
Jim Chapman
75.6%
JennaMarbles
75.5%
troyesivan
74.6%
iJustine
73.8%
PointlessBlog
73.6%
tanyaburr
72.3%
Mirandasings
70.6%
Smosh
69.9%
MyHarto
69.2%
emmablackery
68.1%
Charlieissocoollike
67.8%
TheFineBros
67.6%
iiSuperwomanii
66.7%
FunForLouis
66.2%
cutiepiemarzia
66%
Tobuscus
65.5%
KickthePJ
65.4%
Jacksgap
65.2%
JackHoward
64%
vlogbrothers
61.8%
Sprinkleofglitter
59.4%
OMFGItsJackAndDean
57.7%
LukeIsNotSexy
57.1%
BryarlyBishop
56.9%
% Correct
Laina (Overly Attached Girlfriend)
54.5%
Prank vs Prank
52.4%
jacksfilms
49.1%
PattyxWalters
47.7%
deefizzy
47.6%
superamazingproject
44.6%
KSIOlajidebt
44%
WHATTHEBUCKSHOW
43.4%
Arielleishammin
43.1%
grav3yardgirl
42.4%
Crabstickz
41.8%
TomSka
41.6%
musicalbethan
39.6%
ItsWayPastMyBedtime
39.5%
Paint
39.1%
BriBryontour
35.9%
ashens
35.3%
tyranosauruslexxx
27.9%
ChewingSand
24.9%
adeanaday
23.3%
Ninebrassmonkeys
21.6%
communitychannel
17.9%
Meekakitty
17.3%
brizzyvoices
16.3%
Bananajamana
16.2%
THEMIDNIGHTBEAST
15.7%
Nanalew
14.1%
CupOfTeamOfficial
11.6%
slomozovo
10.7%
mrweebl
9.6%
PeanutButterGamer
9.3%
NerdyAndQuirky
9.1%
Quiz Playlist
Details
Report
Send in Message
Add To Playlist
Clickable:
Select answers by clicking on text or image buttons
Forced Order:
Answers have to be entered in order
Last Updated: Feb 16, 2017
Quiz Scoreboard
CHALLENGE
Sign Up to Join the Scoreboard
Show All
Scores
Hide
Comments
May contain spoilers
Recently Published
Image Sorting: Flags VI
by Barbecue
Geography
2m
Find the 'City' Movie
by crazypaving
Movies
60s
Colored Red Africa Blitz
by spor1
Geography
45s
More to Explore
Quiz From the Vault
Featured Blog Post
14 Easter Pick-up Lines to Find Eggs With
hide this ad
You Might Also Like...
Tags
Youtube
Youtubers
Today's Top Quizzes in Entertainment
Browse Entertainment
hide this ad
Today's Top Quizzes in Youtubers
Browse Youtubers
Top Contributed Quizzes in Entertainment
1
Marvel Classic Character Map
2
Dragon Ball Z: Goku's Fights in Order
3
Marvel Characters Bunker
4
JoJo's Bizarre Logic Quiz
5
Harry Styles-Are you no.1 fan
6
Sorting Pictures: Villains
7
This is Your Life: Edward Elric
8
Celebrity Spelling Bee
9
This is Your Life: Itachi Uchiha
10
BOYS PLANET Quiz
Explore More
Trending Topics
Kpop
Anime
Crossword
Harry Potter
Marvel
NBA
Disney
Pokémon
Song
NFL
Soccer
Country
The Office
Puzzle
WWE
hide this ad
More By:
tizisnotalion
Quiz
Plays
Rating
Category
Featured
Created
Girls/Girls/Boys lyrics
2,735
5.00
Music
Aug 1, 2014
Can you match the youtubers?
2,480
3.67
Entertainment
Jun 1, 2013
Dumb Ways to Die Lyrics
360
5.00
Music
Jun 1, 2013
Mardy Bum Lyrics
251
3.50
Music
Dec 5, 2012
Rave Time Lyrics
61
Entertainment
May 7, 2012
Go to Creator's Profile
Score Distribution
Quiz Creator Spotlight
tizisnotalion
Follow
Send a Message
Quizzes Created
-
Created Quiz Play Count
-
More By This Creator
Popular Quizzes Today
1
Colored Red Africa Blitz
2
Find the US States - No Outlines Minefield
3
Find the 'City' Movie
4
5x2 Blitz: Bands
5
The Countries of the World
6
Find the US States
7
Find the Countries of Europe - No Outlines Minefield
8
US States
More Entertainment Quizzes
Watchmen Characters
Published
Trending Quizzes
Colored Red Europe Blitz I
Colored Red Europe Blitz II
Colored Red Africa Blitz II
Colored Red Europe Blitz III
Colored Red Africa Blitz III
Recently Updated
How Do You Spell That?
pecheneg
Godzilla Movies
pecheneg
Grab Bag: 4-10 Letters
pecheneg
2024 March Madness Bracket
pecheneg
Famous TV Couples
Peacemaker
Champions League XIs: Real Madrid
pecheneg
Largest US Cities 1790-2010
pecheneg
Rides in Walt Disney World
pecheneg
Most Oscar Losses (Acting)
pecheneg
Beyoncé Albums
pecheneg
Trending Topics
Harry Potter
Crossword
Marvel
Anime
Disney
Kpop
NBA
Soccer
Song
Country
WWE
Puzzle
Pokémon
The Office
NFL
Your Account Isn't Verified!
In order to create a playlist on Sporcle, you need to verify the email address you used during registration. Go to your
Sporcle Settings
to finish the process.
Report this User
Report this user for behavior that violates our
Community Guidelines
.
Details:
Send Report
Go to the Sporcle.com Mobile Site →
Comments